000 01085nam a22002415i 4500
001 166286
003 ES-MaACL
005 20250805062615.0
008 940206s1823 sp |||| | spa d
040 _aCAM
_bspa
100 0 _aThorel, Jean Baptiste.
_9133237
245 1 0 _aDel origen de las sociedades /
_cpor Thorel ; traducida al español por el mismo que tradujo y publicó en 1813 la 2\sa\p ed. que dio a luz su respetado autor en 1809 con el título de Voz de la Naturaleza sobre el origen de los gobiernos.
250 _a3\pa\s ed.
260 _aMadrid :
_b[s.n.],
_c1823 (
_fImp. Miguel de Burgos)
300 _a3 v. (318, [1] h. de lam. ; 360, 312 p.) ;
_c24 cm.
505 8 _at. I. Sobre la soberanía y los poderes -- t. II. Sobre la formación de los pueblos -- t. III. Sobre la libertad
650 7 _aSociología
_2embne
_917195
700 1 1 _aBurgos, Miguel de,
_eimp.
_9126239
740 0 _aVoz de la Naturaleza sobre el origen de los gobiernos.
752 _aEspaña -
_dMadrid
852 _aES-MaACL
_jG-11869-11871
_z-- Enc. hol.
999 _c166286
_d166286